Loading...
| 6 | 3 | 3 | 1 | 105 | 31 | 73.00 | 6 | 9 | 0.00 | 0.00 | |
| Beliefs | 0 | 9 | 2 | 4 | 80 | 66 | 119.11 | 2 | 9 | 0.00 | 0.00 |
| Science - Biology | 5 | 1 | 1 | 0 | 80 | 42 | 57.83 | 4 | 6 | 0.00 | 0.00 |
| History - American | 3 | 3 | 0 | 0 | 75 | 47 | 90.17 | 2 | 6 | 0.00 | 0.00 |
| Philosophy | 2 | 4 | 0 | 0 | 70 | 26 | 92.67 | 4 | 6 | 0.00 | 0.00 |
| Social Science | 2 | 2 | 0 | 2 | 50 | 67 | 100.50 | 2 | 4 | 0.00 | 0.00 |
| Literature - British | 0 | 5 | 1 | 0 | 45 | 81 | 94.80 | 2 | 5 | 0.00 | 0.00 |
| Science - Chemistry | 1 | 3 | 1 | 0 | 40 | 71 | 95.25 | 2 | 4 | 0.00 | 0.00 |
| Science - Physics | 1 | 2 | 0 | 0 | 35 | 73 | 93.67 | 2 | 3 | 0.00 | 0.00 |
| History - World | 0 | 4 | 1 | 2 | 35 | 91 | 114.50 | 1 | 4 | 0.00 | 0.00 |
| Literature - European | 1 | 2 | 0 | 1 | 35 | 9 | 79.00 | 2 | 3 | 0.00 | 0.00 |
| Fine Arts - Visual | 2 | 1 | 1 | 0 | 35 | 29 | 58.33 | 3 | 3 | 0.00 | 0.00 |
| History - European | 1 | 2 | 1 | 0 | 30 | 45 | 88.33 | 2 | 3 | 0.00 | 0.00 |
| Other Arts: Auditory | 1 | 2 | 1 | 0 | 30 | 63 | 104.00 | 1 | 3 | 0.00 | 0.00 |
| Other Science: Earth Science | 1 | 1 | 0 | 0 | 25 | 48 | 83.50 | 2 | 2 | 0.00 | 0.00 |
| Literature - American | 0 | 3 | 1 | 1 | 25 | 79 | 103.33 | 2 | 3 | 0.00 | 0.00 |
| Geography | 1 | 1 | 0 | 1 | 25 | 84 | 116.50 | 1 | 2 | 0.00 | 0.00 |
| Current Events | 1 | 0 | 0 | 0 | 15 | 21 | 21.00 | 1 | 1 | 0.00 | 0.00 |
| Other Arts: Visual | 0 | 2 | 1 | 0 | 15 | 81 | 97.50 | 2 | 2 | 0.00 | 0.00 |
| Other Science: Astronomy | 1 | 0 | 0 | 0 | 15 | 68 | 68.00 | 0 | 1 | 0.00 | 0.00 |
| Other Science: Math | 1 | 0 | 0 | 0 | 15 | 73 | 73.00 | 1 | 1 | 0.00 | 0.00 |
| Chemistry> | 0 | 1 | 0 | 0 | 10 | 133 | 133.00 | 0 | 1 | 0.00 | 0.00 |
| Other Science: Computer Science | 0 | 1 | 0 | 0 | 10 | 91 | 91.00 | 0 | 1 | 0.00 | 0.00 |
| Fine Arts - Auditory | 0 | 1 | 0 | 0 | 10 | 98 | 98.00 | 1 | 1 | 0.00 | 0.00 |
| Other Academic | 1 | 0 | 2 | 0 | 5 | 51 | 51.00 | 1 | 1 | 0.00 | 0.00 |
| Religion | 0 | 0 | 0 | 0 | 0 | 0.00 | 0 | 0 | 0.00 | 0.00 |